Statistics for World Cup Final Goal Scorers

Click here to take the quiz!

General Stats

  • This quiz has been taken 67 times
  • The average score is 22 of 64

Answer Stats

Goal Scorers% Correct
Lionel Messi
97%
Kylian Mbappé
95%
Zinedine Zidane
93%
Ronaldo
92%
Andrés Iniesta
90%
Mario Götze
90%
Ángel Di María
89%
Mario Mandžukić
82%
Paul Pogba
82%
Antoine Griezmann
80%
Pelé
79%
Gerd Müller
72%
Marco Materazzi
69%
Ivan Perišić
66%
Ferenc Puskás
59%
Emmanuel Petit
54%
Andreas Brehme
51%
Mario Kempes
48%
Paolo Rossi
48%
Geoff Hurst
44%
Karl-Heinz Rummenigge
44%
Jairzinho
41%
Carlos Alberto Torres
38%
Rudi Völler
34%
Paul Breitner
31%
Johan Neeskens
30%
Marco Tardelli
30%
Vavá
30%
Helmut Rahn
26%
Jorge Burruchaga
26%
José Luis Brown
26%
Guillermo Stábile
20%
Alcides Ghiggia
18%
Gérson
18%
Mário Zagallo
18%
Martin Peters
18%
Alessandro Altobelli
16%
Dick Nanninga
16%
Jorge Valdano
16%
Josef Masopust
16%
Juan Alberto Schiaffino
16%
Nils Liedholm
16%
Silvio Piola
16%
Helmut Haller
15%
Amarildo
13%
Roberto Boninsegna
13%
Wolfgang Weber
13%
Antonín Puč
11%
Friaça
11%
Max Morlock
11%
Pedro Cea
11%
Zito
11%
Angelo Schiavio
10%
Carlos Peucelle
10%
Daniel Bertoni
10%
Héctor Castro
10%
Zoltán Czibor
10%
Agne Simonsson
8%
Pablo Dorado
8%
Raimundo Orsi
8%
Santos Iriarte
7%
Gino Colaussi
5%
György Sárosi
5%
Pál Titkos
5%

Score Distribution

Percentile by Number Answered

Percent of People with Each Score

Your Score History

You have not taken this quiz